Civil law cases [CLC, Vol. XXXVI, 2014] (Record no. 80075)
[ view plain ]
| 000 -LEADER | |
|---|---|
| fixed length control field | 00534nam a2200193Ia 4500 |
| 001 - CONTROL NUMBER | |
| control field | 69568 |
| 003 - CONTROL NUMBER IDENTIFIER | |
| control field | OSt |
| 005 - DATE AND TIME OF LATEST TRANSACTION | |
| control field | 20220203123344.0 |
| 008 - FIXED-LENGTH DATA ELEMENTS--GENERAL INFORMATION | |
| fixed length control field | 151205s9999||||xx |||||||||||||| ||und|| |
| 020 ## - INTERNATIONAL STANDARD BOOK NUMBER | |
| International Standard Book Number | NA |
| 040 ## - CATALOGING SOURCE | |
| Transcribing agency | PK-LaUMT |
| 082 ## - DEWEY DECIMAL CLASSIFICATION NUMBER | |
| Classification number | 346.002645491 |
| Item number | CIV- |
| 100 ## - MAIN ENTRY--PERSONAL NAME | |
| Personal name | Anwar Khokhar, Muhammad |
| 245 ## - TITLE STATEMENT | |
| Title | Civil law cases [CLC, Vol. XXXVI, 2014] |
| Remainder of title | monthly journal of civil rulings |
| Statement of responsibility, etc | Anwar Khokhar, Muhammad |
| 260 ## - PUBLICATION, DISTRIBUTION, ETC. (IMPRINT) | |
| Place of publication, distribution, etc | Lahore,Pakistan: |
| Name of publisher, distributor, etc | The Civil Law Cases, |
| Date of publication, distribution, etc | 2014 |
| 501 ## - WITH NOTE | |
| With note | 3 vols |
| 546 ## - LANGUAGE NOTE | |
| Language note | EN |
| 942 ## - ADDED ENTRY ELEMENTS (KOHA) | |
| Koha item type | Law and Policy Journals |
| Source of classification or shelving scheme | Dewey Decimal Classification |
| Withdrawn status | Lost status | Source of classification or shelving scheme | Damaged status | Not for loan | Home library | Current library | Date acquired | Total Checkouts | Full call number | Barcode | Date last seen | Price effective from | Koha item type | Date checked out |
|---|---|---|---|---|---|---|---|---|---|---|---|---|---|---|
| Dewey Decimal Classification | UMT Main Campus | UMT Main Campus | 2015-12-04 | 346.002645491 CIV- | 96153 | 2015-12-05 | 2015-12-05 | Books | ||||||
| Dewey Decimal Classification | UMT Main Campus | UMT Main Campus | 2015-12-05 | 1 | 346.002645491 CIV- | 96154 | 2018-10-01 | 2015-12-05 | Books | 2018-10-01 | ||||
| Dewey Decimal Classification | UMT Main Campus | UMT Main Campus | 2015-12-05 | 346.002645491 CIV- | 96155 | 2015-12-05 | 2015-12-05 | Books |
